| Tag |
First Indicator |
Second Indicator |
Subfields |
| LEADER |
00000cam a2200000Ii 4500 |
| 001 |
in00003787213 |
| 005 |
20160516093216.0 |
| 008 |
160516q19701971ilua c 000 0 eng d |
| 035 |
|
|
|a (OCoLC)ocn949852875
|
| 040 |
|
|
|a TXA
|b eng
|e rda
|c TXA
|d TXA
|
| 035 |
|
|
|a (OCoLC)949852875
|
| 043 |
|
|
|a n-us-il
|
| 090 |
|
|
|a Z999
|b .J22 1970
|
| 049 |
|
|
|a TXAM
|
| 110 |
2 |
|
|a J & S Fine Books.
|
| 245 |
1 |
0 |
|a [Catalogue 8 ¹/₂].
|
| 264 |
|
1 |
|a Chicago, Illinois :
|b J & S Fine Books,
|c [1970 or 1971?]
|
| 300 |
|
|
|a 1 folded sheet (4 pages) :
|b illustrations ;
|c 23 cm.
|
| 336 |
|
|
|a text
|b txt
|2 rdacontent
|
| 337 |
|
|
|a unmediated
|b n
|2 rdamedia
|
| 338 |
|
|
|a sheet
|b nb
|2 rdacarrier
|
| 490 |
1 |
|
|a J & S catalogue ;
|v 8 ¹/₂
|
| 500 |
|
|
|a Title devised by cataloger.
|
| 500 |
|
|
|a Illustration is by Frederic Remington reproduced from his "Drawings" published 1901.
|
| 610 |
2 |
0 |
|a J & S Fine Books
|v Catalogs.
|
| 650 |
|
0 |
|a Fine books
|v Catalogs.
|
| 650 |
|
0 |
|a Booksellers' catalogs
|z Illinois
|z Chicago
|v Specimens.
|
| 700 |
1 |
|
|a Remington, Frederic,
|d 1861-1909,
|e illustrator.
|
| 830 |
|
0 |
|a J & S catalogue ;
|v 8 ¹/₂.
|
| 994 |
|
|
|a C0
|b TXA
|
| 948 |
|
|
|a cataloged
|b h
|c 2016/5/16
|d o
|e nbehmer
|f 9:32:12 am
|
| 999 |
f |
f |
|s bbfedc36-e43b-39d4-8545-487f1181a009
|i 6fe37cdb-c8db-3a8b-9010-e3aa4a44e089
|t 0
|
| 952 |
f |
f |
|p noncirc
|a Texas A&M University
|b College Station
|c Cushing Memorial Library & Archives
|d Cushing: Kelsey Illustrators (Does not check out)
|t 0
|e Z999 .J22 1970
|h Library of Congress classification
|i unmediated -- sheet
|
| 998 |
f |
f |
|a Z999 .J22 1970
|t 0
|l Cushing: Kelsey Illustrators (Does not check out)
|